000 00603nam a2200229Ia 4500
003 OSt
005 20220926042310.0
006 a|||||r|||| 00| 0
007 ta
008 220923b |||||||| |||| 00| 0 eng d
037 _cGeneral Book
040 _aRTL
_cRTL
_beng
041 _2eng
_aeng
082 _aG:33, H9-H9;1
100 _aWinslow C E A
_9346068
245 0 _aTemperature and human life
260 _c1949
650 _aBiology
_97
700 _a Herrington L P
_9346069
942 _hG:33, H9-H9;1
_cGB
_2CC
999 _c669393
_d669393